书目信息 |
| 题名: |
资产阶级古典政治经济选辑
|
|
| 作者: | 王亚南 主编 | |
| 分册: | ||
| 出版信息: | 北京 商务印书馆 1979.02 |
|
| 页数: | 741页 | |
| 开本: | 20cm | |
| 丛书名: | ||
| 单 册: | ||
| 中图分类: | F08 | |
| 科图分类: | ||
| 主题词: | 经济学 | |
| 电子资源: | ||
| ISBN: | ||
| 000 | 00591nam0 2200217 45 | |
| 001 | 0204140934 | |
| 005 | 20031219104109.1 | |
| 010 | @dCNY2.70 | |
| 091 | @a4017.112 | |
| 100 | @a20020414d1979 km y0chiy0120 ea | |
| 101 | 0 | @achi |
| 105 | @a z 000yy | |
| 200 | 1 | @a资产阶级古典政治经济选辑@AZi Chan Jie Ji Gu Dian Zheng Zhi Jing Ji Xuan Ji@f王亚南主编@FWang Ya Nan Zhu Bian |
| 205 | @a第二版 | |
| 210 | @a北京@c商务印书馆@d1979.02 | |
| 215 | @a741页@d20cm | |
| 606 | 0 | @a经济学 |
| 690 | @aF08@v3 | |
| 701 | 0 | @a王亚南@4主编 |
| 801 | @aCN@bTSTC@c20020414 | |
| 905 | @f1@b26809@dF08@e2 | |
| 资产阶级古典政治经济选辑/王亚南主编.-第二版.-北京:商务印书馆,1979.02 |
| 741页;20cm |
| ISBN :CNY2.70 |
| ● |
| 相关链接 |
|
|
|
|
正题名:资产阶级古典政治经济选辑
索取号:F08/2
 
预约/预借
| 序号 | 登录号 | 条形码 | 馆藏地/架位号 | 状态 | 备注 |
| 1 | 0026809 | 001791804 | 密集书库/ [索取号:F08/2] | 在馆 |